| 000 | 00359 a2200121 4500 | ||
|---|---|---|---|
| 001 | ART_3553 | ||
| 005 | 20260410161716.0 | ||
| 008 | 260409a | ||
| 245 | 1 | 0 | _aAsalariados y campesinos pobres |
| 100 | 1 | _aForni, Floreal H. | |
| 700 | 1 | _aBercovich, Néstor | |
| 773 | 0 |
_tDesarrollo económico _g- Vol. 28, Nº 110 (jul./sep. 1988) _wREV1174 |
|
| 999 |
_c16500 _d16500 |
||